| 000 | 01037nam a2200289Ia 4500 | ||
|---|---|---|---|
| 003 | OSt | ||
| 005 | 20221007125440.0 | ||
| 006 | a|||||r|||| 00| 0 | ||
| 007 | ta | ||
| 008 | 221006b |||||||| |||| 00| 0 eng d | ||
| 020 | _a 0124925413(V2) (hbd) | ||
| 020 |
_a0-12-492543-X(Set) _c _ 50.00 |
||
| 024 | _a10931 | ||
| 037 |
_bDhanraj, _cTextual |
||
| 040 |
_aCDL _cCDL _beng |
||
| 041 |
_2eng _aeng |
||
| 082 | _aE9G, P1.2 | ||
| 100 | _aMetzler David E | ||
| 245 | 0 | _aBiochemistry: the chemical reactions of living cells by David E Metzler | |
| 250 | _aEd 2 | ||
| 260 |
_aAmsterdam _bAcademic Press _c2001 |
||
| 490 | _vCONTENTS:V 2(xxi, 938-1973p), Index 1917-1973p | ||
| 500 | _aIncludes bibliographical references; ^n23/CSL/CARC/2003-2004/677^b2003-07-28^mPurchase; ; 2003-04/108^b2003-08-01^c2127^d2003-08-05^eRs.2,081.00^fDhanraj Book House; ; 2003-11-24^bSB^c2003-11-24^dVinay | ||
| 650 | _aBiochemistry | ||
| 942 |
_hE9G, P1.2 _cTEXL _2CC |
||
| 999 |
_c1215300 _d1215300 |
||